| 000 | 00548nam a22001937a 4500 | ||
|---|---|---|---|
| 003 | OSt | ||
| 005 | 20180116183041.0 | ||
| 008 | 160223b xxu||||| |||| 00| 0 eng d | ||
| 020 | _a18-011-88-1 | ||
| 040 | _cLahore University of Management Sciences. | ||
| 050 | _a174.4 | ||
| 082 | _a174.4 LUMS 1988 | ||
| 100 | _aRana,Arif Iqbal. | ||
| 245 |
_aAKBAR MOTORS (B). _bCase Studies. _cArif Iqbal Rana. |
||
| 260 |
_aLahore. _bLahore University of Management Sciences. _c1988. |
||
| 300 | _a2p. | ||
| 500 | _aPaper Cover | ||
| 942 |
_2ddc _cCS _k174.4 |
||
| 999 |
_c351255 _d351255 |
||